Kultúra v Ázii podstatne zasahuje aj do biznisu

Dôležité v biznise je, aby obchodníci chápali rozdiely medzi kultúrami. Schopnosť manažérov prispôsobiť sa miestnej kultúre. Rozdiel v kultúre. Dominantnou kultúrou v Ázii je čínska. Myšlienka guanxi (znamená dostať sa niekomu do priazne). Japonské wa - koncepcia harmónie. Každý región má dominantnú...

Ausführliche Beschreibung

Gespeichert in:
Bibliographische Detailangaben
1. Verfasser: Dana, Leo Paul
Format: Buchkapitel
Sprache:Slowakisch
Schlagworte:
Tags: Tag hinzufügen
Keine Tags, Fügen Sie das erste Tag hinzu!

MARC

LEADER 00000naa a2200000 4500
001 r043231
005 20230921112307.8
041 0 |a slo 
044 |a SK 
245 1 0 |a Kultúra v Ázii podstatne zasahuje aj do biznisu  |c Leo Paul Dana 
520 |a Dôležité v biznise je, aby obchodníci chápali rozdiely medzi kultúrami. Schopnosť manažérov prispôsobiť sa miestnej kultúre. Rozdiel v kultúre. Dominantnou kultúrou v Ázii je čínska. Myšlienka guanxi (znamená dostať sa niekomu do priazne). Japonské wa - koncepcia harmónie. Každý región má dominantnú kultúru s vlastnými zvlášnosťami. 
610 2 0 |a obchod 
610 2 0 |a obchodníci 
610 2 0 |a kultúra 
610 2 0 |a regióny 
610 2 0 |a Ázia 
610 2 0 |a Čína 
610 2 0 |a Japonsko 
100 1 |a Dana, Leo Paul